| 000 | 00598cab a22002055a 4500 | ||
|---|---|---|---|
| 001 | L156526 | ||
| 008 | 120531e20120512xxk 000 0 eng d | ||
| 035 | _a(Sirsi) u156526 | ||
| 041 | 0 | _aeng | |
| 100 | 1 | _aGordon, Lee | |
| 245 | 0 | 4 | _aThe green scene |
| 260 | _c2012 | ||
| 490 |
_aEstates Gazette _v(1219) 12 May 2012, 86-88(3) |
||
| 520 | _aPractical advice for landowners and developers on town and village greens including recent case law. | ||
| 590 | _aKA | ||
| 651 | 4 |
_aEngland and Wales _y1543- |
|
| 690 |
_aPlanning and development _96259 |
||
| 700 | 1 | _aRedman, Nicholas | |
| 942 | _n0 | ||
| 999 |
_c84055 _d84055 |
||